<?xml version="1.0" encoding="UTF-8"?>
<record
    xmlns:xsi="http://www.w3.org/2001/XMLSchema-instance"
    xsi:schemaLocation="http://www.loc.gov/MARC21/slim http://www.loc.gov/standards/marcxml/schema/MARC21slim.xsd"
    xmlns="http://www.loc.gov/MARC21/slim">

  <leader>00736cam a22002532  4500</leader>
  <datafield tag="999" ind1=" " ind2=" ">
    <subfield code="c">18480</subfield>
    <subfield code="d">18480</subfield>
  </datafield>
  <controlfield tag="001">0000009148</controlfield>
  <controlfield tag="003">OSt</controlfield>
  <controlfield tag="005">20200907095629.0</controlfield>
  <controlfield tag="008">200907b        xxu||||| |||| 00| 0 eng d</controlfield>
  <datafield tag="020" ind1=" " ind2=" ">
    <subfield code="a">1259255403</subfield>
  </datafield>
  <datafield tag="040" ind1=" " ind2=" ">
    <subfield code="a">KABU</subfield>
    <subfield code="c">KABU</subfield>
  </datafield>
  <datafield tag="050" ind1=" " ind2=" ">
    <subfield code="a">HC79</subfield>
    <subfield code="b"> .E5F54 2017 c.1</subfield>
  </datafield>
  <datafield tag="100" ind1="1" ind2=" ">
    <subfield code="a">Field, Barry C.</subfield>
  </datafield>
  <datafield tag="245" ind1="1" ind2="0">
    <subfield code="a">Environmental economics :</subfield>
    <subfield code="b">an introduction /</subfield>
    <subfield code="c">Barry C. Field, Martha K. Field.</subfield>
  </datafield>
  <datafield tag="250" ind1=" " ind2=" ">
    <subfield code="a">7th  ed.</subfield>
  </datafield>
  <datafield tag="260" ind1=" " ind2=" ">
    <subfield code="a">Boston :</subfield>
    <subfield code="b">McGraw-Hill,</subfield>
    <subfield code="c">2017.</subfield>
  </datafield>
  <datafield tag="300" ind1=" " ind2=" ">
    <subfield code="a">xx, 471p.</subfield>
  </datafield>
  <datafield tag="650" ind1=" " ind2="0">
    <subfield code="a">Environmental economics.</subfield>
  </datafield>
  <datafield tag="650" ind1=" " ind2="0">
    <subfield code="a">Economic development</subfield>
    <subfield code="x">Environmental aspects.</subfield>
  </datafield>
  <datafield tag="700" ind1="1" ind2=" ">
    <subfield code="a">Field, Martha K.</subfield>
  </datafield>
  <datafield tag="908" ind1=" " ind2=" ">
    <subfield code="a">080907</subfield>
  </datafield>
  <datafield tag="942" ind1=" " ind2=" ">
    <subfield code="2">lcc</subfield>
    <subfield code="c">BK</subfield>
  </datafield>
  <datafield tag="952" ind1=" " ind2=" ">
    <subfield code="0">0</subfield>
    <subfield code="1">0</subfield>
    <subfield code="2">lcc</subfield>
    <subfield code="7">0</subfield>
    <subfield code="a">KABU</subfield>
    <subfield code="b">KABU</subfield>
    <subfield code="d">2020-09-07</subfield>
    <subfield code="g">4216.00</subfield>
    <subfield code="l">0</subfield>
    <subfield code="o">HC79  .E5F54 2017 c.1</subfield>
    <subfield code="p">028926</subfield>
    <subfield code="r">2024-08-02 00:00:00</subfield>
    <subfield code="w">2020-09-07</subfield>
    <subfield code="y">BK</subfield>
  </datafield>
  <datafield tag="952" ind1=" " ind2=" ">
    <subfield code="0">0</subfield>
    <subfield code="1">0</subfield>
    <subfield code="2">lcc</subfield>
    <subfield code="7">0</subfield>
    <subfield code="a">KABU</subfield>
    <subfield code="b">KABU</subfield>
    <subfield code="d">2020-09-07</subfield>
    <subfield code="g">4216.00</subfield>
    <subfield code="l">0</subfield>
    <subfield code="o">HC79  .E5F54 2017 c.2</subfield>
    <subfield code="p">028927</subfield>
    <subfield code="r">2024-08-02 00:00:00</subfield>
    <subfield code="w">2020-09-07</subfield>
    <subfield code="y">BK</subfield>
  </datafield>
  <datafield tag="952" ind1=" " ind2=" ">
    <subfield code="0">0</subfield>
    <subfield code="1">0</subfield>
    <subfield code="2">lcc</subfield>
    <subfield code="7">0</subfield>
    <subfield code="a">KNTC</subfield>
    <subfield code="b">KNTC</subfield>
    <subfield code="d">2020-09-07</subfield>
    <subfield code="g">4216.00</subfield>
    <subfield code="l">0</subfield>
    <subfield code="o">HC79  .E5F54 2017 c.1</subfield>
    <subfield code="p">028928</subfield>
    <subfield code="r">2020-09-07 00:00:00</subfield>
    <subfield code="w">2020-09-07</subfield>
    <subfield code="y">BK</subfield>
  </datafield>
</record>
